000 00722nam a2200289Ia 4500
005 20260324140022.0
008 008 260324s9999 xx 000 0 eng d
020 _a9781315502052
037 _aEBOOK
040 _aCRL
040 _beng
040 _cCRL
041 _2eng
041 _aeng
084 _qCRL
100 _aAdam Zwass
_91195350
245 0 _aIncomplete Revolutions
245 0 _bSuccess and Failures of Capitalist Transition Strategies in Post-communist Economies
260 _bTaylor and Francis
260 _c1999
365 _a
365 _b170
856 _uhttp://www.taylorfrancis.com/books/9781315502052
942 _cEBOOK
999 _c1804439
_d1804439